Представление документа в формате RUSMARC

ПолеНазваниеЗначение
  Тип записи a
  Библиографический уровень c
001 Контрольный номер RU/SLIB/B/208770822
005 Дата корректировки 20201206204301.0
010 Индекс ISBN __
d Цена 1-15
101 Язык документа __
a Язык текста rus
200 Заглавие и сведения об ответственности __
a Заглавие Романы
e Сведения, относящиеся к заглавию в 10 т.
f Первые сведения об ответственности А. С. Пушкин
b Общее обозначение материала Текст
i Наименование части Повести
210 Выходные данные __
a Место издания М.
c Издательство Худож. лит.
d Дата издания 1975
215 Физическое описание __
a Объем 575 с.
461 Уровень набора __
1 2001
a Собрание сочинений
v Т. 5
600 Персоналии __
a Персоналии (Фамилия) Пушкин, А. С.
g Полное имя Александр Сергеевич
606 Тематические рубрики __
a Основная рубрика Художественная литература
y Географическая подрубрика Россия
606 Тематические рубрики __
a Основная рубрика Русская литература XIX в. (произведения)
610 Ключевые слова __
a Ключевые слова поэты; повести; романы; проза; прозаики
686 Индексы других классификаций __
a Классификационный индекс 84(2=411.2)52-4
700 Автор __
a Фамилия Пушкин
b Имя А. С.
4 Код отношения 070
801 Источник записи _0
a Страна RU
b Организация Муниципальное бюджетное учреждение культуры "Централизованная библиотечная система" г. Сургут (Центральная городская библиотека им. А. С. Пушкина)
g Правила каталогизации КиК/Елгина
801 Источник записи _1
a Страна RU
b Организация Муниципальное бюджетное учреждение культуры "Централизованная библиотечная система" г. Сургут (Центральная городская библиотека им. А. С. Пушкина)
g Правила каталогизации КиК/Елгина
852 Данные о местонахождении __
j Шифр хранения 84(2=411.2)52-4
i Авторский знак П 91
p Инвентарный номер 38467(с); 11208(д)
901 Тип документа __
t Тип документа x
969 Тип издания __
a Тип издания сборник
990 Данные о заказе (DOS) __
j Количество экземпляров (DOS) 1; 1